000 00417nam a2200181Ia 4500
005 20240823060030.0
008 240823s9999||||xx |||||||||||||| ||und||
041 _aENGLISH
082 _A220.52 P0
100 _aMathew.
245 4 _aThe Five Books that Changed the World
250 _a1st
260 _c2000
_bCreative Publi
500 _aYES
650 _aReligion
_bGeneral
942 _cBK
999 _c230179
_d230179